00642nam a2200217Ia 45000010008000000030006000080050017000140080041000310200016000720350019000880400018001070820014001251000027001392450058001662600036002243000042002604900028003025000017003305040027003476300050003749750184OCoLC20181205163007.0830728s1971 iluabd 000 0 eng d a0802410669  a(OCoLC)9750184 aMSBcMSBdBSC a228bJ54R1 aJensen, Irving Lester.10aRevelation :ba self-study guide /cIrving L. Jensen. aChicago :bMoody Press,cc1971. a144 p. :bill., charts, map ;c22 cm.0 aBible self-study guides aCover title. aBibliography : p. 140.00aBible.pN.T.pRevelationxStudy and teaching.